000 01848nam a2200337 i 4500
001 768714001
003 CO-MdFUSB
005 20240516162953.0
007 ta
008 900621t1990 mnu b 001 | eng
020 _a0814657044
040 _aDLC
_cCO-MdFUSB
_dCO-MdFUSB
_bspa
_erda
041 _aeng
082 _223
_a226.406
_bR511n
245 0 0 _aNew views on Luke and Acts
_c/ editado por Earl Richard
264 1 _aCollegeville, Minn. :
_bLiturgical Press,
_c[1990]
264 4 _c© 1990
300 _a196 páginas ;
_c21 cm.
336 _2rdacontent
_atexto
_btxt
337 _2rdamedia
_asin mediación
_bn
338 _2rdacarrier
_avolumen
_bnc
504 _aLuke: Autor y pensador / Earl Richard -- El escenario histórico y cultural de Lucas-Hechos / Marion L. Soards -- Lucas el cristiano / Dennis M. Sweetland -- Un ejemplo de crítica retórica: Lucas 4:16-30 / Judette Kolasny -- Lucas-Hechos como imitación y emulación de la narración Elías-Eliseo / Thomas L. Brodie -- Un análisis literario del origen y propósito del relato de Lucas sobre la burla de Jesús / Marion L. Soards -- Narración recurrente como una conversación literaria de Lucas en Hechos: Discurso de Pablo en Jerusalén en Hechos 22:1-22 / marie Eloise Rosenblatt -- Siguiendo a Jesús: Discipulado en Lucas-Hechos / Dennis M. Sweetland -- Dios Padre en Lucas-Hechos / Robert L. Mowery -- Pentecostés como tema recurrente en Lucas-Hechos / Earl Richard -- Los oponentes no romanos de Pablo / Richard J. Cassidy
563 _aRustica
630 0 7 _aBiblia.
_pNuevo Testamento
_xCrítica, interpretación, etc.
630 0 7 _aBiblia.
_vLucas
_xCrítica, interpretación, etc.
630 0 7 _aBiblia.
_pHechos
_xCrítica, interpretación, etc.
700 1 _aRichard, Earl.
_eeditor
942 _cBK
945 _aMag1104
999 _c68733
_d68733